Регионална библиотека "Любен Каравелов" - Русе

Регионална икономика (Запис номер 157180)

MARC детайли
000 -Лидер
Контролно поле с фиксирана дължина 01632nam a2200325 c 4500
003 - Код на организацията, давaща контролен номер
Контролно поле BLK
005 - Дата и час на последна редакция
Контролно поле 20180422113512.0
008 - Елементи от данни с фиксирана дължина
fixed length control field 180410b bul|||||r ||||||| ||bul||
010 ## - Наследен системен номер
LC control number KNG00164122000
040 ## - Източник на каталожния запис
Идентификатор на билиотеката - собственик на записа BLK
041 ## - Код за език
Код за езика на текст/звукозапис или на отделно заглавие Български
Код за езика КДБФ Български
080 ## - УДК
Текстов определител УДК Икономическо положение. Икономическа политика. Управление. Планиране. Производство. Услуги. Цени
УДК код - определител по УДК 338
УДК определител :91(075.8)
УДК - код + определител 338:91(075.8)
100 1# - Редна дума - Автор
Автор Кръстев, Красимир Иванов
Авторска отговорност първи автор
R(LIN) 368323
139 ## - Редно поле
Редна дума Регионална икономика
Авторски знак Ре - Р 44
245 10 - Сведения за заглавието
Заглавие Регионална икономика
Подзаглавни данни Уч. помагало за студентите от ВИИ К. Маркс - София
Редно поле (дума) Красимир Иванов Кръстев.
257 ## - Страна на издаване
Страна на създаване/издаване България
260 ## - Област на издателските данни
-- София
Име на издателя, разпространителя и проч. ВИИ Карл Маркс
Година на издаване 1989
300 ## - Физическа характеристика
Страници 320 с
Илюстрации и др. с табл., сх.
Размери/Мащаб 22 см
380 ## - Жанр
Жанр Обществени науки
500 ## - Общи забележки
Забележка Други авт. : Сл. Славев, М. Генешки, Хр. Каракашев, П. Станев 10 089 тир. - Библиогр. под линия
650 #4 - Допълнително описание по предмет – тема
Основно описание – тема или топоним Производителни сили - териториално разпределение
9 (RLIN) 167978
650 #4 - Допълнително описание по предмет – тема
Основно описание – тема или топоним Икономическо райониране
9 (RLIN) 309062
653 ## - Ключова дума – ненормативна
Ключова дума народно стопанство
653 ## - Ключова дума – ненормативна
Ключова дума учебници за ВУЗ
852 ## - Местоположение
Форматна сигнатура Цб 158620
856 4# - Електронен адрес и достъп
Електронен формат pdf - файл
Път до файла /url/
856 4# - Електронен адрес и достъп
Електронен формат pdf - файл
Път до файла /url/
942 ## - АРТИКУЛИ
Вид на библиотечния материал Книги
Скрит в OPAC Не
944 ## - СЪЗДАВАНЕ И РЕДАКЦИЯ на ЗАПИСА
Създаване/Редакция Създаване
Дата на регистрацията/редакция 19.08.2014
Статус, дата на статуса 19.08.2014 - от С1,Р / 19.08.2014
Служител, извършил регистрацията/редакцията Павлина_Енева
944 ## - СЪЗДАВАНЕ И РЕДАКЦИЯ на ЗАПИСА
Създаване/Редакция Редакция
Дата на регистрацията/редакция 19.08.2014
Статус, дата на статуса 19.08.2014 - от С1,Р / 19.08.2014
Служител, извършил регистрацията/редакцията
999 ## - СИСТЕМНИ КОНТРОЛНИ НОМЕРА
Koha biblionumber 157180
Koha biblioitemnumber 157180
Наличности
Код за отписване Код за изгубен артикул Източник на класификационната схема Код за повреда Коз за рестрикции Код за отдаване Артикулен № Име на библиотеката - собственик Име на библиотеката, в която се намира в момента Статус (Текущо местоположение) Дата на вписване в системата Местоположение - отдел Цена в лева Инвентарен номер Систематично азбучна сигнатура Баркод Номер на екземпляра Цена в евро Служебна бележка Служебен тип на артикула
  Не е изгубен Universal Decimal Classification Не е повреден без рестрикции ползва се в читалня 263285 Регионална библиотека "Любен Каравелов" Русе Регионална библиотека "Любен Каравелов" Русе Хранилище 1989-01-01 Хранилище 1.27 519327 Цб 158620 120000519327 1 0.65 N: стар фонд Дата: 01.01.1989 Книги
Изтеглен Не е изгубен Universal Decimal Classification Не е повреден без рестрикции заемане за дома 263286 Регионална библиотека "Любен Каравелов" Русе Регионална библиотека "Любен Каравелов" Русе Заемна - подръчен фонд 1989-01-01 Заемна - подръчен фонд 1.27 520192 П 338/Р 44 520192 2 0.65 N: стар фонд Дата: 01.01.1989 Дата инв: 05.02.2018 Бележки инв: П2018 Книги
Vip Innovations Ltd, Rousse, Bulgaria 2025